书目信息 |
| 题名: |
匪夷所思!
|
|
| 作者: | 龚勋 主编 | |
| 分册: | ||
| 出版信息: | 合肥 安徽科学技术出版社 2015.09 |
|
| 页数: | 139页 | |
| 开本: | 23cm | |
| 丛书名: | 小小勇敢者科学漫游记 | |
| 单 册: | ||
| 中图分类: | E92-49 | |
| 科图分类: | ||
| 主题词: | 兵器--bing qi--少年读物 | |
| 电子资源: | ||
| ISBN: | 978-7-5337-6741-9 | |
| 000 | 01049nam 2200277 450 | |
| 001 | 0100015919 | |
| 005 | 20201024210217.0 | |
| 010 | @a978-7-5337-6741-9@dCNY20.00 | |
| 100 | @a20151027d2015 cemy0chiy50 ea | |
| 101 | 0 | @achi |
| 102 | @aCN@b340000 | |
| 105 | @aa z 000yy | |
| 106 | @ar | |
| 200 | 1 | @a匪夷所思!@Afei yi suo si !@e世界上超酷的兵器探秘故事@f主编龚勋 |
| 205 | @a注音彩图版 | |
| 210 | @a合肥@c安徽科学技术出版社@d2015.09 | |
| 215 | @a139页@c彩图@d23cm | |
| 225 | 2 | @a小小勇敢者科学漫游记@Axiao xiao yong gan zhe ke xue man you ji |
| 330 | @a本书主要内容包括: “十八般兵器”都有啥? 、为什么古人很喜欢佩剑? 、剑被刀踢出战场了、谁说弩已经被淘汰了? 、枪为什么爱穿“黑衣服”? 、枪也说起了“悄悄话”、“看我七十二变! ”等。 | |
| 410 | 0 | @12001 @a小小勇敢者科学漫游记 |
| 517 | 1 | @a世界上超酷的兵器探秘故事@Ashi jie shang chao ku de bing qi tan mi gu shi |
| 606 | 0 | @a兵器@Abing qi@j少年读物 |
| 690 | @aE92-49@v5 | |
| 701 | 0 | @a龚勋@Agong xun@4主编 |
| 801 | 0 | @aCN@c20151027 |
| 905 | @a河南城建学院图书馆@dE92-49@f3@eG394 | |
| 匪夷所思!:世界上超酷的兵器探秘故事/主编龚勋.-注音彩图版.-合肥:安徽科学技术出版社,2015.09 |
| 139页:彩图;23cm.-(小小勇敢者科学漫游记) |
| ISBN 978-7-5337-6741-9:CNY20.00 |
| 本书主要内容包括: “十八般兵器”都有啥? 、为什么古人很喜欢佩剑? 、剑被刀踢出战场了、谁说弩已经被淘汰了? 、枪为什么爱穿“黑衣服”? 、枪也说起了“悄悄话”、“看我七十二变! ”等。 |
| ● |
| 相关链接 |
|
|
|
正题名:匪夷所思!
索取号:E92-49/G394
 
预约/预借
| 序号 | 登录号 | 条形码 | 馆藏地/架位号 | 状态 | 备注 |
| 1 | 1496232 | 214962325 | 社科库509/509社科库 125排2列4层/ [索取号:E92-49/G394] | 在馆 | |
| 2 | 1496233 | 214962334 | 社科库509/509社科库 125排2列4层/ [索取号:E92-49/G394] | 在馆 | |
| 3 | 1496234 | 214962343 | 社科库509/509社科库 125排2列4层/ [索取号:E92-49/G394] | 在馆 |